1499 1219 1830 1107 1051 1004 1289 1136 1965 1894 1821 1697 1695 1156 1901 1688 1129 1945 1680 1486 1822 1129 1157 1641 1708 1185 1532 1982 1868 1824 1337 1168 1418 1425 1165 1829 1400 1098 1224 1681 1275 1461 1750 1033 1580 1386 1368 1383 1668 1885 1719 1821 1673 1678 1659 1830 1225 1741 1732 1592 1632 1229 1532 1786 1421 1032 1384 1258 1773 1954 1294 1366 1072 1495 1882 1116 1064 1513 1959 1796 1969 1518 1682 1409 1713 1887 1145 1527 1359 1022 1108 1754 1485 1769 1565 1823 1393 1887 1117 BCNSPRNW ULIB Ver.6.0+V

เปลี่ยนเป็นภาษาไทย

Change to English
 แสดงรายละเอียดบรรณานุกรม
  กลับหน้าหลัก

Brief Record : Get Marc (ISO 2709) : E-mail record : QR code < ปิดหน้าต่าง
LEADER : 00000nam 2200000uu 4500
001    13399112113
003     ULIB
008    110228s2537||||th 000 0 tha d
020    97483624
060 04 WY85^bส687จ 2537
100 0  สิวลี ศิริไล
245 10 จริยศาสตร์สำหรับพยาบาล(2537) /^cสิวลี ศิริไล
250    พิมพ์ครั้งที่ 5
260    [กรุงเทพฯ] :^bโรงพิมพ์แห่งจุฬาลงกรณ์มหาวิทยาลัย,^c2537
300    145 หน้า ;^c22 ซม.
650  2 Ethics, Nursing
650  7 จรรยาพยาบาล
650  7 จริยศาสตร์
945    ^p0^l0^i007414
945    ^p0^l0^i007415
945    ^p0^l0^i007416
945    ^p0^l0^i008901
945    ^p0^l0^i011678
995    ทศพร
999 ^a ใช้งานได้ทุกระบบ
รายการนี้ยังไม่มีแท็ก
คุณยังไม่ได้ล็อกอิน คุณสามารถมีกิจกรรมร่วมกับเว็บไซต์ได้ แต่ต้องล็อกอินก่อน ::
  ล็อกอิน

รายการสื่อสารสนเทศ

ลำดับที่ ประเภท เลขเรียก/บาร์โค้ด สถานที่ สถานะ
- ไม่พบข้อมูล -

รายการใกล้เคียง
    ผู้แต่ง [สิวลี ศิริไล]

    หัวเรื่อง [Ethics, Nursing]
    หัวเรื่อง [จรรยาพยาบาล]
    หัวเรื่อง [จริยศาสตร์]

BibComment


ยังไม่เคยถูกคอมเมนท์

คอมเมนท์ทรัพยากรรายการนี้
  คอมเมนท์: จริยศาสตร์สำหรับพ..


 Copyright 2026. Bcnsprnw @Library